| 000 | 00367nam a2200145Ia 4500 | ||
|---|---|---|---|
| 008 | 230312s9999||||xx |||||||||||||| ||und|| | ||
| 020 | _a0-07-069968-7 | ||
| 082 |
_a681.2 _bDOE-M |
||
| 100 | _aDoebelin;Ernest.O | ||
| 245 | 0 | _aDoebelin's Measurement Systems | |
| 260 |
_bMcGraw Hill _aIndia _c2016 |
||
| 300 | _a760 | ||
| 650 |
_aEngineering _vMechanics |
||
| 942 | _cBK | ||
| 999 |
_c12223 _d12223 |
||